| 000 | 00579nam a2200181 i 4500 | ||
|---|---|---|---|
| 001 | 46290 | ||
| 003 | ES-MaACL | ||
| 005 | 20250727021934.0 | ||
| 007 | t| | ||
| 008 | 030328s1908 it |||| | fre d | ||
| 111 | 2 |
_aCongrés International d'Anthropologie Criminelle. _9243 |
|
| 245 | 1 | 0 |
_aComptes reudus du VI Congrés International d'Anthropologie Criminelle _b: (Turín, 28 avril - 3 mar 1906). |
| 260 |
_aTurin : _bVicenzo Bona, _c1908. |
||
| 300 | _aLXXX, 675 p. | ||
| 650 | 0 | 7 |
_aAntropología criminal _2embne _99866 |
| 852 |
_aES-MaACL _jG-1517 |
||
| 999 |
_c46290 _d46290 |
||